[Event "FIDE World Blitz-ch Women 2018"]
[Site "St. Petersburg"]
[Date "2018.12.29"]
[Round "1.45"]
[White "Atalik, Ekaterina"]
[Black "Kabanova, Ekaterina"]
[Result "1-0"]
[WhiteElo "2447"]
[BlackElo "2095"]
[Annotator "TA"]
[PlyCount "67"]
[EventDate "2018.12.19"]
[EventType "swiss"]
[EventCountry "RUS"]
[SourceTitle "playchess.com"]
[Source "ChessBase"]
[SourceQuality "1"]

1. Nf3 c5 2. e3 e6 3. b3 Nf6 4. Bb2 a6 5. c4 Be7 6. Nc3 Qc7 7. d4 d6 8. Bd3 Nbd7 9. Qc2 b6 10. O-O Bb7 11. Qe2 O-O 12. Rfd1 Rfe8 13. Rac1 h6 14. e4 cxd4 15. Nxd4 Rac8 16. Bb1 Qb8 17. Nf3 Qa8 18. Re1 Qb8 19. Rcd1 Qa8 20. h3 Nc5 21. Qe3 Ncd7 22. Nh2 Nc5 23. Nf1 Bc6 24. Ng3 b5 25. cxb5 axb5 26. Nce2 Ncxe4 27. Nd4 Nxg3 28. Qxg3 Be4 29. Bxe4 Nxe4 30. Rxe4 Qxe4 31. Nf5 g6 32. Nxe7+ Rxe7 33. Qxd6 Rec7 34. Qd8+ 1-0

[Event "FIDE World Blitz-ch Women 2018"]
[Site "St. Petersburg"]
[Date "2018.12.29"]
[Round "1.46"]
[White "Belova, Olga"]
[Black "Mamedjarova, Turkan"]
[Result "0-1"]
[WhiteElo "2069"]
[BlackElo "2295"]
[Annotator "NA"]
[PlyCount "102"]
[EventDate "2018.12.19"]
[EventType "swiss"]
[EventCountry "RUS"]
[SourceTitle "playchess.com"]
[Source "ChessBase"]
[SourceQuality "1"]

1. d4 d5 2. Nc3 Nf6 3. Bg5 h6 4. Bf4 e6 5. Nf3 Bb4 6. g3 Ne4 7. Bd2 Bxc3 8. Bxc3 O-O 9. Bg2 Nd7 10. O-O b6 11. e3 Nxc3 12. bxc3 Ba6 13. Re1 Qe7 14. Nd2 f5 15. Bf1 Bxf1 16. Rxf1 Qa3 17. c4 c6 18. Qe2 Rac8 19. Rfb1 Kh8 20. Rb3 Qd6 21. a4 e5 22. c3 Rce8 23. Qf3 Nf6 24. cxd5 cxd5 25. a5 Ne4 26. Nxe4 fxe4 27. Qg2 exd4 28. cxd4 Rc8 29. axb6 axb6 30. Rab1 Rc6 31. R3b2 Qc7 32. Qf1 Rcf6 33. Qb5 Qf7 34. Rf1 Qe6 35. Rfb1 Qf7 36. Rf1 h5 37. Qe2 Qg6 38. Rb5 Qf7 39. f4 exf3 40. Qf2 Qe6 41. Rfb1 Rb8 42. Rc1 Qd7 43. Rb2 Rc8 44. Rbc2 Rxc2 45. Rxc2 b5 46. Qe1 Qe7 47. Rc8+ Kh7 48. Qb1+ Qe4 49. Qc1 f2+ 50. Kf1 Qh1+ 51. Ke2 f1=Q+ 0-1

[Event "FIDE World Blitz-ch Women 2018"]
[Site "St. Petersburg"]
[Date "2018.12.29"]
[Round "1.47"]
[White "Khomeriki, Nino"]
[Black "Shaydullina, Sandugach"]
[Result "0-1"]
[WhiteElo "2347"]
[BlackElo "2033"]
[Annotator "NA"]
[PlyCount "72"]
[EventDate "2018.12.19"]
[EventType "swiss"]
[EventCountry "RUS"]
[SourceTitle "playchess.com"]
[Source "ChessBase"]
[SourceQuality "1"]

1. d4 d5 2. Nf3 Nf6 3. e3 c5 4. c4 e6 5. Nc3 a6 6. cxd5 exd5 7. Be2 Nc6 8. O-O Be7 9. b3 O-O 10. Bb2 Re8 11. Rc1 cxd4 12. Nxd4 Bd7 13. Bf3 Nxd4 14. Qxd4 Bc6 15. Rfd1 Nd7 16. Nxd5 Bf8 17. Qf4 Rc8 18. e4 Qa5 19. Bg4 Qxa2 20. Bxd7 Bxd7 21. Nf6+ Kh8 22. Nxe8 Rxe8 23. Rxd7 Qxb2 24. Rxf7 Ba3 25. Rf1 Qxb3 26. e5 b5 27. Ra7 Bb2 28. Rxa6 Bxe5 29. Qg4 Bc3 30. Qd7 Rg8 31. Ra7 b4 32. Qe7 Qc2 33. Qd7 b3 34. Rd1 Bf6 35. Qf7 b2 36. Qa2 Qxd1# 0-1

[Event "FIDE World Blitz-ch Women 2018"]
[Site "St. Petersburg"]
[Date "2018.12.29"]
[Round "1.48"]
[White "Drozdova, Dina"]
[Black "Shvayger, Yuliya"]
[Result "1-0"]
[WhiteElo "2178"]
[BlackElo "2393"]
[Annotator "NA"]
[PlyCount "97"]
[EventDate "2018.12.19"]
[EventType "swiss"]
[EventCountry "RUS"]
[SourceTitle "playchess.com"]
[Source "ChessBase"]
[SourceQuality "1"]

1. d4 Nf6 2. c4 e6 3. Nf3 d5 4. Bg5 Nbd7 5. Nbd2 c6 6. Qc2 Be7 7. e3 O-O 8. cxd5 exd5 9. Bd3 Re8 10. O-O Nf8 11. Bxf6 Bxf6 12. b4 a6 13. a4 Qb6 14. Rab1 Bd7 15. Nb3 Bg4 16. Nfd2 Rad8 17. Nc5 g6 18. b5 cxb5 19. axb5 a5 20. h3 Bc8 21. Qa4 Ne6 22. Rfc1 Rd6 23. Ndb3 Bd8 24. Ra1 f5 25. Nxa5 f4 26. Nab3 fxe3 27. fxe3 Bg5 28. Re1 Nc7 29. Qa7 Bxe3+ 30. Kh1 Qxa7 31. Rxa7 Kf8 32. Nxb7 Rde6 33. N7c5 R6e7 34. Rf1+ Kg7 35. b6 Ne6 36. Rxe7+ Rxe7 37. Re1 Bf2 38. Re2 Bg3 39. Nxe6+ Bxe6 40. Nc5 Rf7 41. Nxe6+ Kh6 42. Re3 Bf2 43. Rf3 Re7 44. Rxf2 Rxe6 45. Rb2 Re8 46. b7 Rb8 47. Ba6 Kg5 48. Rc2 Kf4 49. Rc8 1-0

[Event "FIDE World Blitz-ch Women 2018"]
[Site "St. Petersburg"]
[Date "2018.12.29"]
[Round "1.49"]
[White "Mirzoeva, Elmira"]
[Black "Bulatova, Kamaliya"]
[Result "1-0"]
[WhiteElo "2281"]
[BlackElo "2007"]
[Annotator "NA"]
[PlyCount "84"]
[EventDate "2018.12.19"]
[EventType "swiss"]
[EventCountry "RUS"]
[SourceTitle "playchess.com"]
[Source "ChessBase"]
[SourceQuality "1"]

1. d4 Nf6 2. Bf4 g6 3. e3 Bg7 4. Nf3 d6 5. h3 O-O 6. Be2 c5 7. c3 Be6 8. dxc5 dxc5 9. Nbd2 Qb6 10. Qc2 Nc6 11. O-O a6 12. Ng5 Bd7 13. Nc4 Qa7 14. a4 h6 15. Nf3 Bf5 16. Qb3 Be6 17. a5 Nxa5 18. Rxa5 b5 19. Rfa1 bxc4 20. Bxc4 Bxc4 21. Qxc4 Qb6 22. R1a2 Nh5 23. Bh2 Rfd8 24. g4 Rd1+ 25. Kg2 Nf6 26. Rxa6 Rxa6 27. Qxa6 Qxa6 28. Rxa6 Ne4 29. Ra8+ Kh7 30. Ra7 Rb1 31. Rxe7 Nf6 32. Rxf7 Rxb2 33. Be5 Kg8 34. Rc7 Ne8 35. Rc8 Kf7 36. Rxc5 Bf8 37. Ra5 Rc2 38. Bd4 Nd6 39. Ne5+ Kg8 40. Kf3 g5 41. Ra7 Nb5 42. Ra8 Nxd4+ 1-0

[Event "FIDE World Blitz-ch Women 2018"]
[Site "St. Petersburg"]
[Date "2018.12.29"]
[Round "1.50"]
[White "Protopopova, Anastasiya"]
[Black "Bivol, Alina"]
[Result "1-0"]
[WhiteElo "2304"]
[BlackElo "2393"]
[Annotator "NA"]
[PlyCount "79"]
[EventDate "2018.12.19"]
[EventType "swiss"]
[EventCountry "RUS"]
[SourceTitle "playchess.com"]
[Source "ChessBase"]
[SourceQuality "1"]

1. d4 Nf6 2. c4 g6 3. Nc3 Bg7 4. e4 d6 5. Be2 O-O 6. Bg5 c5 7. d5 a6 8. Qd2 Qa5 9. a4 Nbd7 10. Nf3 Re8 11. h3 Qb4 12. O-O Nh5 13. Ne1 Nhf6 14. Nc2 Qb6 15. Rab1 Qc7 16. Rfe1 Nf8 17. Bd3 h5 18. f4 N6h7 19. Bh4 e6 20. Rf1 Bd7 21. Rbe1 b5 22. axb5 axb5 23. cxb5 c4 24. Be2 Rab8 25. Nd4 Bxd4+ 26. Qxd4 Bxb5 27. f5 e5 28. Qd2 Bd7 29. f6 Qb6+ 30. Bf2 Qxb2 31. Qh6 Nxf6 32. Bh4 N6h7 33. Rf3 Qb4 34. Ref1 f5 35. exf5 Bxf5 36. g4 Qb6+ 37. Kh2 hxg4 38. hxg4 Bxg4 39. Rf7 Ne6 40. Qxh7# 1-0

[Event "FIDE World Blitz-ch Women 2018"]
[Site "St. Petersburg"]
[Date "2018.12.29"]
[Round "1.51"]
[White "Gevorgyan, Maria"]
[Black "Petrova, Irina"]
[Result "1-0"]
[WhiteElo "2228"]
[BlackElo "2124"]
[Annotator "NA"]
[PlyCount "116"]
[EventDate "2018.12.19"]
[EventType "swiss"]
[EventCountry "RUS"]
[SourceTitle "playchess.com"]
[Source "ChessBase"]
[SourceQuality "1"]

1. e4 d6 2. d4 Nf6 3. Nc3 g6 4. f4 Bg7 5. Nf3 O-O 6. Bd3 Na6 7. a3 c5 8. d5 Rb8 9. O-O Nc7 10. a4 a6 11. a5 Bd7 12. Bc4 Nb5 13. e5 dxe5 14. fxe5 Ng4 15. Qe1 Nxc3 16. bxc3 Bb5 17. Bxb5 axb5 18. Qe4 f5 19. exf6 Nxf6 20. Qe6+ Kh8 21. Rd1 Qd6 22. Ng5 Qxe6 23. Nxe6 Rfc8 24. Bf4 Ra8 25. Nc7 Rxc7 26. Bxc7 Ne8 27. Bb6 Bxc3 28. Rab1 Bd4+ 29. Kf1 Nd6 30. Ke2 Ne4 31. Rxd4 cxd4 32. Bxd4+ Kg8 33. Rxb5 Nd6 34. Rc5 Kf7 35. Kd3 Rd8 36. c4 Rd7 37. Be5 Nf5 38. Rc8 e6 39. Rc7 Rxc7 40. Bxc7 exd5 41. cxd5 Ke7 42. Ke4 Kd7 43. Bb6 Kd6 44. g4 Ne7 45. Bf2 Nxd5 46. Bg3+ Ke6 47. Kd4 Ne7 48. Kc5 Nc6 49. Kb6 Kd5 50. Be1 Nd8 51. Kc7 Nc6 52. Kxb7 Nd8+ 53. Kc7 Ne6+ 54. Kb6 Nc5 55. Bf2 Nd7+ 56. Kc7 Ke6 57. a6 Ne5 58. a7 Kd5 1-0

[Event "FIDE World Blitz-ch Women 2018"]
[Site "St. Petersburg"]
[Date "2018.12.29"]
[Round "1.52"]
[White "Maroroa, Sue"]
[Black "Mamedjarova, Zeinab"]
[Result "0-1"]
[WhiteElo "2120"]
[BlackElo "2338"]
[Annotator "NA"]
[PlyCount "64"]
[EventDate "2018.12.19"]
[EventType "swiss"]
[EventCountry "RUS"]
[SourceTitle "playchess.com"]
[Source "ChessBase"]
[SourceQuality "1"]

1. e4 d5 2. exd5 Qxd5 3. Nc3 Qd8 4. d4 Nf6 5. Nf3 e6 6. Bc4 Be7 7. O-O O-O 8. Qe2 Nbd7 9. Rd1 a5 10. a4 Nb6 11. Bb3 Nfd5 12. Ne4 Re8 13. c3 h6 14. Bc2 Bf8 15. Qd3 g6 16. h4 Bg7 17. h5 f5 18. Nc5 g5 19. g4 Nf6 20. Nxg5 Nxg4 21. Ngxe6 Bxe6 22. Nxe6 Rxe6 23. Qxf5 Qh4 24. Qxe6+ Kh8 25. Bf4 Qxf2+ 26. Kh1 Qxf4 27. Qe2 Nf2+ 28. Kg2 Nxd1 29. Rxd1 Rg8 30. Bg6 Nd5 31. Qf3 Ne3+ 32. Kf2 Nxd1+ 0-1

[Event "FIDE World Blitz-ch Women 2018"]
[Site "St. Petersburg"]
[Date "2018.12.29"]
[Round "1.53"]
[White "Nakhbayeva, Guliskhan"]
[Black "Diakonova, Ekaterina"]
[Result "0-1"]
[WhiteElo "2371"]
[BlackElo "2225"]
[Annotator "NA"]
[PlyCount "126"]
[EventDate "2018.12.19"]
[EventType "swiss"]
[EventCountry "RUS"]
[SourceTitle "playchess.com"]
[Source "ChessBase"]
[SourceQuality "1"]

1. d4 Nf6 2. c4 c5 3. d5 b5 4. cxb5 a6 5. f3 g6 6. e4 d6 7. Nc3 Bg7 8. a4 O-O 9. Nge2 axb5 10. Nxb5 Na6 11. Nec3 Nc7 12. Nxc7 Qxc7 13. Bb5 Bd7 14. O-O Bxb5 15. Nxb5 Qb6 16. Be3 Ne8 17. Rb1 Qa5 18. b3 Nc7 19. Na3 Na6 20. Nc4 Qc7 21. Kh1 Rab8 22. f4 Rb4 23. f5 Nb8 24. Bd2 Rb7 25. Qc1 Nd7 26. Na5 Rbb8 27. Nc6 Rbe8 28. Bh6 Nf6 29. Bxg7 Kxg7 30. Qc4 Ng4 31. a5 Ne5 32. Nxe5 dxe5 33. b4 Rc8 34. Rfc1 Qd8 35. bxc5 Qxa5 36. c6 Rfd8 37. fxg6 hxg6 38. h3 Rd6 39. Rb7 Qd8 40. Qc3 f6 41. Qb4 g5 42. Rd7 Rxd7 43. Rb1 Rdc7 44. Kh2 Qd6 45. Qb5 Rd8 46. Qa6 f5 47. Qd3 fxe4 48. Qxe4 Qxd5 49. Qf5 e4 50. Qg4 Rxc6 51. Rf1 Rf6 52. Rc1 Qe5+ 53. Kh1 Qf4 54. Qxf4 gxf4 55. Kg1 Rfd6 56. Kf2 Rd2+ 57. Kf1 e3 58. Rc7 Kf6 59. Rc6+ e6 60. Rc7 Rd1+ 61. Ke2 R8d2+ 62. Kf3 Rf1+ 63. Ke4 e2 0-1

[Event "FIDE World Blitz-ch Women 2018"]
[Site "St. Petersburg"]
[Date "2018.12.29"]
[Round "1.54"]
[White "Kirchei, Viktoriia"]
[Black "Lelekova, Olga"]
[Result "0-1"]
[WhiteElo "1972"]
[BlackElo "2261"]
[Annotator "NA"]
[PlyCount "68"]
[EventDate "2018.12.19"]
[EventType "swiss"]
[EventCountry "RUS"]
[SourceTitle "playchess.com"]
[Source "ChessBase"]
[SourceQuality "1"]

1. e4 c5 2. d3 Nc6 3. g3 g6 4. Bg2 Bg7 5. f4 d6 6. Nf3 e5 7. c3 Nge7 8. O-O O-O 9. Be3 a6 10. Nbd2 b5 11. fxe5 Nxe5 12. Nxe5 Bxe5 13. Bh6 Bg7 14. Bxg7 Kxg7 15. Qf3 Nc6 16. e5 Bb7 17. Qf6+ Qxf6 18. exf6+ Kg8 19. Ne4 Rad8 20. Rad1 Ne5 21. h3 Ba8 22. Rfe1 Rfe8 23. Nxd6 Rxd6 24. Bxa8 Rxf6 25. Kg2 Rfe6 26. Be4 Kg7 27. Bd5 R6e7 28. Re2 f6 29. Rde1 Rd8 30. Be4 Red7 31. Rd1 Nxd3 32. Red2 c4 33. Bc6 Ne1+ 34. Rxe1 Rxd2+ 0-1

[Event "FIDE World Blitz-ch Women 2018"]
[Site "St. Petersburg"]
[Date "2018.12.29"]
[Round "1.55"]
[White "Mammadzada, Gunay"]
[Black "Kosteniuk, Oksana"]
[Result "1-0"]
[WhiteElo "2422"]
[BlackElo "2096"]
[Annotator "TA"]
[PlyCount "43"]
[EventDate "2018.12.19"]
[EventType "swiss"]
[EventCountry "RUS"]
[SourceTitle "playchess.com"]
[Source "ChessBase"]
[SourceQuality "1"]

1. e4 d5 2. exd5 Qxd5 3. Nc3 Qd6 4. d4 Nf6 5. Nf3 Nc6 6. g3 Bg4 7. Bg2 e6 8. O-O a6 9. Be3 Be7 10. h3 Bh5 11. Qe2 O-O 12. Rad1 Nd5 13. Ne4 Qd8 14. c4 Nxe3 15. Qxe3 Bg6 16. Rfe1 f5 17. Neg5 Bxg5 18. Nxg5 Re8 19. Nxe6 Qf6 20. Qf4 Rxe6 21. Rxe6 Qxe6 22. Bd5 1-0

[Event "FIDE World Blitz-ch Women 2018"]
[Site "St. Petersburg"]
[Date "2018.12.29"]
[Round "1.56"]
[White "Borisova, Ekaterina"]
[Black "Nguyen, Thi Mai Hung"]
[Result "1-0"]
[WhiteElo "2244"]
[BlackElo "2280"]
[Annotator "NA"]
[PlyCount "61"]
[EventDate "2018.12.19"]
[EventType "swiss"]
[EventCountry "RUS"]
[SourceTitle "playchess.com"]
[Source "ChessBase"]
[SourceQuality "1"]

1. d4 d5 2. c4 c6 3. Nf3 Nf6 4. g3 Bf5 5. Nc3 e6 6. Nh4 Bg4 7. h3 Bh5 8. g4 Ne4 9. Nxe4 dxe4 10. Qb3 b6 11. Ng2 Bg6 12. e3 h5 13. Nf4 hxg4 14. Nxg6 fxg6 15. Bd2 Nd7 16. O-O-O Qf6 17. Bg2 gxh3 18. Rxh3 Rxh3 19. Bxh3 O-O-O 20. Qc2 Qh4 21. Bxe6 Re8 22. d5 Kc7 23. Bc3 Nc5 24. Be5+ Kb7 25. dxc6+ Kxc6 26. Bd7+ Nxd7 27. Qa4+ Kb7 28. Qxd7+ Ka6 29. Qb5+ Kb7 30. Rd7+ Ka8 31. Qc6# 1-0

[Event "FIDE World Blitz-ch Women 2018"]
[Site "St. Petersburg"]
[Date "2018.12.29"]
[Round "1.57"]
[White "Sudakova, Irina"]
[Black "Tomashevskaya, Lidia"]
[Result "1-0"]
[WhiteElo "2313"]
[BlackElo "2123"]
[Annotator "NA"]
[PlyCount "69"]
[EventDate "2018.12.19"]
[EventType "swiss"]
[EventCountry "RUS"]
[SourceTitle "playchess.com"]
[Source "ChessBase"]
[SourceQuality "1"]

1. e4 e5 2. Nf3 Nc6 3. Nc3 Nf6 4. g3 Bc5 5. Bg2 d6 6. O-O h6 7. d3 O-O 8. Na4 Bb6 9. Nxb6 axb6 10. h3 Re8 11. Kh2 d5 12. exd5 Nxd5 13. a3 Bf5 14. Nh4 Bh7 15. Qf3 Nf4 16. Bxf4 exf4 17. Qxf4 g5 18. Qg4 Ne5 19. Qh5 gxh4 20. Qxh6 Re6 21. Qxh4 Qxh4 22. gxh4 Ra4 23. f4 Nc6 24. Rf2 Rh6 25. Kg3 Nd4 26. Rg1 Nf5+ 27. Kh2 Nxh4 28. Bc6+ Kf8 29. Bxa4 Bf5 30. Rg5 Be6 31. f5 Bd5 32. Kg3 c6 33. Bb3 Bh1 34. Rg4 Nf3 35. Rxf3 1-0

[Event "FIDE World Blitz-ch Women 2018"]
[Site "St. Petersburg"]
[Date "2018.12.29"]
[Round "1.58"]
[White "Smirnova, Ekaterina"]
[Black "Maletina, Tatiana"]
[Result "0-1"]
[WhiteElo "2192"]
[BlackElo "2270"]
[Annotator "NA"]
[PlyCount "114"]
[EventDate "2018.12.19"]
[EventType "swiss"]
[EventCountry "RUS"]
[SourceTitle "playchess.com"]
[Source "ChessBase"]
[SourceQuality "1"]

1. d4 e6 2. c4 b6 3. e4 Bb4+ 4. Bd2 Bxd2+ 5. Qxd2 d5 6. cxd5 exd5 7. e5 Ne7 8. Nc3 O-O 9. f4 c5 10. Nf3 Nbc6 11. Be2 Bg4 12. dxc5 bxc5 13. O-O f6 14. exf6 Rxf6 15. Rad1 Bxf3 16. Bxf3 Nd4 17. Bg4 Rb8 18. Rfe1 Qd6 19. Rxe7 Qxe7 20. Nxd5 Qf7 21. Nxf6+ Qxf6 22. b3 Rf8 23. Rf1 Qg6 24. Be2 Rd8 25. Bc4+ Kh8 26. Qa5 Qd6 27. Qxa7 Nf5 28. Qa5 Qd4+ 29. Kh1 Ne3 30. Re1 Ng4 31. Rf1 Re8 32. Qb5 Rf8 33. Qb7 Nf2+ 34. Rxf2 Qxf2 35. g3 Qd4 36. Kg2 h6 37. Qe7 Rd8 38. Qh4 Qe4+ 39. Kh3 Qf5+ 40. Kg2 Rd2+ 41. Kf3 Rd7 42. Kg2 Qe4+ 43. Kh3 Re7 44. a4 Qf5+ 45. Kg2 Qe4+ 46. Kh3 Re8 47. a5 Ra8 48. a6 Qf5+ 49. Kg2 Qe4+ 50. Kh3 Qc6 51. Qe7 Qg6 52. Qb7 Qh5+ 53. Kg2 Rd8 54. Qe7 Rd2+ 55. Kg1 Qf3 56. Qe8+ Kh7 57. Bf1 Qf2+ 0-1

[Event "FIDE World Blitz-ch Women 2018"]
[Site "St. Petersburg"]
[Date "2018.12.29"]
[Round "1.59"]
[White "Savina, Anastasia"]
[Black "Afonasieva, Anna"]
[Result "1-0"]
[WhiteElo "2334"]
[BlackElo "2207"]
[Annotator "NA"]
[PlyCount "79"]
[EventDate "2018.12.19"]
[EventType "swiss"]
[EventCountry "RUS"]
[SourceTitle "playchess.com"]
[Source "ChessBase"]
[SourceQuality "1"]

1. d4 d5 2. c4 c6 3. Nf3 Nf6 4. Nc3 e6 5. Bg5 Nbd7 6. e3 Be7 7. Rc1 O-O 8. Bd3 dxc4 9. Bxc4 Nd5 10. Bxe7 Qxe7 11. O-O N7f6 12. Ne5 h6 13. Qf3 Rd8 14. Rfd1 Nxc3 15. bxc3 Bd7 16. Rb1 Be8 17. Bd3 Rac8 18. c4 b6 19. Ng4 Nxg4 20. Qxg4 c5 21. Qe4 g6 22. d5 Qf6 23. dxe6 fxe6 24. h3 Kg7 25. Be2 Bc6 26. Qg4 Rf8 27. Qg3 Qf5 28. Bd3 Qf6 29. Bf1 Rce8 30. Rd6 Bb7 31. Rbd1 Re7 32. Rd7 Rff7 33. Rd8 Rc7 34. R1d2 Be4 35. Qd6 Rce7 36. Qb8 Rf8 37. Rxf8 Qxf8 38. Rd8 Qf7 39. Qe5+ Kh7 40. Qh8# 1-0

[Event "FIDE World Blitz-ch Women 2018"]
[Site "St. Petersburg"]
[Date "2018.12.29"]
[Round "1.60"]
[White "Munkhzul, Turmunkh"]
[Black "Maltsevskaya, Aleksandra"]
[Result "1/2-1/2"]
[WhiteElo "2255"]
[BlackElo "2243"]
[Annotator "NA"]
[PlyCount "98"]
[EventDate "2018.12.19"]
[EventType "swiss"]
[EventCountry "RUS"]
[SourceTitle "playchess.com"]
[Source "ChessBase"]
[SourceQuality "1"]

1. e4 c6 2. d4 d5 3. Nc3 dxe4 4. Nxe4 Nf6 5. Ng3 h5 6. h4 g6 7. Nf3 Bg7 8. Be2 O-O 9. O-O Bg4 10. c3 Nbd7 11. Bg5 Qc7 12. Re1 Rfe8 13. Ne5 Bxe2 14. Qxe2 Nd5 15. Nxd7 Qxd7 16. Ne4 b6 17. Rad1 Nf6 18. Bxf6 exf6 19. Qf3 f5 20. Nd2 Rxe1+ 21. Rxe1 Re8 22. Re2 Re6 23. Kf1 Qe7 24. g3 f4 25. Rxe6 Qxe6 26. b3 fxg3 27. fxg3 Qh3+ 28. Kg1 Qe6 29. Kf2 c5 30. d5 Qh3 31. c4 Bd4+ 32. Ke2 Qh2+ 33. Kd3 Qg1 34. a4 Bg7 35. Qe3 Qg2 36. Qf3 Qg1 37. Qe3 Qa1 38. Qe8+ Kh7 39. Qxf7 Qc3+ 40. Ke2 Qe5+ 41. Kd1 Qa1+ 42. Ke2 Qe5+ 43. Kf1 Qa1+ 44. Kg2 Qc3 45. Qf2 Qd3 46. Kh2 Bd4 47. Qg2 Bg7 48. Kh3 Qf5+ 49. Kh2 Qd3 1/2-1/2

[Event "FIDE World Blitz-ch Women 2018"]
[Site "St. Petersburg"]
[Date "2018.12.29"]
[Round "1.61"]
[White "Haussernot, Cecile"]
[Black "Loskutova, Viktoriya"]
[Result "1-0"]
[WhiteElo "2196"]
[BlackElo "2105"]
[Annotator "NA"]
[PlyCount "65"]
[EventDate "2018.12.19"]
[EventType "swiss"]
[EventCountry "RUS"]
[SourceTitle "playchess.com"]
[Source "ChessBase"]
[SourceQuality "1"]

1. e4 c5 2. Nf3 d6 3. d4 cxd4 4. Nxd4 Nf6 5. Nc3 a6 6. h3 e5 7. Nde2 h5 8. g3 Be6 9. Bg2 Be7 10. O-O O-O 11. f4 Nbd7 12. Be3 Rc8 13. Nc1 b5 14. Nd3 Bc4 15. f5 b4 16. Na4 Bb5 17. b3 Qc7 18. Rf2 a5 19. g4 hxg4 20. hxg4 Nh7 21. Qd2 Bxa4 22. bxa4 Qc3 23. Qc1 Nc5 24. Nxc5 dxc5 25. Rb1 Qc4 26. g5 Qxa2 27. f6 Bd8 28. fxg7 Re8 29. Bh3 Rc7 30. Bf5 Kxg7 31. Rh2 Nf8 32. Qf1 Qc4 33. Qxc4 1-0

[Event "FIDE World Blitz-ch Women 2018"]
[Site "St. Petersburg"]
[Date "2018.12.29"]
[Round "1.62"]
[White "Yurasova, Daria"]
[Black "Shuvalova, Polina"]
[Result "0-1"]
[WhiteElo "2190"]
[BlackElo "2441"]
[Annotator "TA"]
[PlyCount "66"]
[EventDate "2018.12.19"]
[EventType "swiss"]
[EventCountry "RUS"]
[SourceTitle "playchess.com"]
[Source "ChessBase"]
[SourceQuality "1"]

1. d4 Nf6 2. Nf3 e6 3. c4 b6 4. g3 c6 5. Bg2 Be7 6. O-O O-O 7. Nc3 d5 8. b3 Nbd7 9. Bb2 Ba6 10. Nd2 b5 11. cxb5 cxb5 12. Re1 Rc8 13. Rc1 b4 14. Na4 Bb5 15. e4 dxe4 16. Nxe4 Nxe4 17. Bxe4 Nf6 18. Bg2 Qa5 19. d5 Rxc1 20. Bxc1 Bxa4 21. bxa4 Rd8 22. Qb3 Nxd5 23. Bd2 h6 24. h4 Qb6 25. Rc1 Bc5 26. Qf3 a5 27. Rf1 Bd4 28. Qg4 Nf6 29. Qe2 Bc5 30. Bf4 Nd5 31. Be5 Bd4 32. Bxd4 Qxd4 33. Rd1 Nc3 0-1

[Event "FIDE World Blitz-ch Women 2018"]
[Site "St. Petersburg"]
[Date "2018.12.29"]
[Round "2.1"]
[White "Murashova, Ekaterina"]
[Black "Dzagnidze, Nana"]
[Result "0-1"]
[WhiteElo "2259"]
[BlackElo "2513"]
[Annotator "ChessBase"]
[PlyCount "126"]
[EventDate "2018.12.19"]
[EventType "swiss"]
[EventCountry "RUS"]
[SourceTitle "playchess.com"]
[Source "ChessBase"]
[SourceQuality "1"]

1. e4 c5 2. Nf3 d6 3. d4 cxd4 4. Nxd4 Nf6 5. Nc3 a6 6. f3 e5 7. Nb3 Be6 8. Be3 Nbd7 9. Qd2 h5 10. Nd5 Bxd5 11. exd5 Be7 12. Be2 Rc8 13. Na5 Rxc2 14. Qxc2 Qxa5+ 15. Bd2 Qb6 16. O-O-O O-O 17. Kb1 Nxd5 18. Qf5 N7f6 19. Bc4 Ne3 20. Bxe3 Qxe3 21. Rhe1 Qc5 22. Bb3 Qb4 23. Re2 a5 24. g4 hxg4 25. fxg4 Qxg4 26. Qxg4 Nxg4 27. Rg1 Nh6 28. Bd5 b6 29. Rc2 Kh7 30. Rc7 Bh4 31. Rc6 Bf2 32. Rf1 Bc5 33. Rc7 f5 34. Rf3 f4 35. Be4+ Kg8 36. Bd5+ Kh8 37. Rh3 Be3 38. Kc2 Kh7 39. Kd3 Kg6 40. Ke4 Kf6 41. Rf3 Nf5 42. Rf1 Ne7 43. Rd7 Bc5 44. a3 Nxd5 45. Kxd5 g5 46. Rb1 f3 47. b4 axb4 48. axb4 Bd4 49. Rxd6+ Kf5 50. Rc6 g4 51. Rcc1 Kf4 52. Rf1 Rh8 53. Rh1 f2 54. Rbf1 Kf3 55. Kc4 Kg2 56. Kd3 Rh3+ 57. Ke2 Re3+ 58. Kd2 Rb3 59. Kc2 Rxb4 60. Kd3 Rb3+ 61. Ke4 Rh3 62. Kf5 Rxh2 63. Rxh2+ Kxh2 0-1

[Event "FIDE World Blitz-ch Women 2018"]
[Site "St. Petersburg"]
[Date "2018.12.29"]
[Round "2.2"]
[White "Lagno, Kateryna"]
[Black "Atalik, Ekaterina"]
[Result "1-0"]
[WhiteElo "2560"]
[BlackElo "2447"]
[Annotator "ChessBase"]
[PlyCount "73"]
[EventDate "2018.12.19"]
[EventType "swiss"]
[EventCountry "RUS"]
[SourceTitle "playchess.com"]
[Source "ChessBase"]
[SourceQuality "1"]

1. e4 c6 2. Nc3 d5 3. Nf3 Bg4 4. h3 Bxf3 5. Qxf3 e6 6. Be2 Nd7 7. O-O Ngf6 8. d4 dxe4 9. Nxe4 Nxe4 10. Qxe4 Nf6 11. Qd3 Bd6 12. Bf3 O-O 13. g3 Qc7 14. Bg2 h6 15. h4 Rfd8 16. c3 c5 17. dxc5 Bxc5 18. Qf3 Nd5 19. Bd2 Rab8 20. Rad1 b6 21. Bc1 Ne7 22. Bf4 e5 23. Be3 Bxe3 24. Qxe3 f6 25. Qe4 Rxd1 26. Rxd1 Rd8 27. Rd3 Rxd3 28. Qxd3 Kf7 29. Be4 g6 30. h5 gxh5 31. Bf3 f5 32. Bxh5+ Kg7 33. b4 Qb7 34. Qd6 e4 35. Qe6 Qc7 36. Qf7+ Kh8 37. Bg6 1-0

[Event "FIDE World Blitz-ch Women 2018"]
[Site "St. Petersburg"]
[Date "2018.12.29"]
[Round "2.3"]
[White "Mamedjarova, Turkan"]
[Black "Muzychuk, Anna"]
[Result "1/2-1/2"]
[WhiteElo "2295"]
[BlackElo "2569"]
[Annotator "ChessBase"]
[PlyCount "93"]
[EventDate "2018.12.19"]
[EventType "swiss"]
[EventCountry "RUS"]
[SourceTitle "playchess.com"]
[Source "ChessBase"]
[SourceQuality "1"]

1. d4 Nf6 2. Nf3 g6 3. Bg5 Bg7 4. g3 O-O 5. Bg2 d6 6. O-O Nbd7 7. c4 h6 8. Bxf6 Nxf6 9. Nc3 c6 10. e4 Qc7 11. Qc2 e5 12. Rad1 Bg4 13. d5 c5 14. h3 Bd7 15. a3 a5 16. Kh2 a4 17. Ne1 Nh5 18. Qe2 Kh7 19. Nd3 Rae8 20. Qc2 f5 21. Nxa4 f4 22. Rfe1 g5 23. Nc3 Qc8 24. Qe2 g4 25. Qc2 gxh3 26. Bf1 fxg3+ 27. fxg3 Nf6 28. Nf2 h5 29. Nb5 Bxb5 30. cxb5 Ng4+ 31. Nxg4 hxg4 32. Rd2 Bh6 33. Rf2 Rxf2+ 34. Qxf2 Rf8 35. Qc2 Qd7 36. Bd3 Rf3 37. Rf1 Qf7 38. Rxf3 Qxf3 39. Qe2 Bc1 40. Qxf3 gxf3 41. Kxh3 Bxb2 42. Kg4 Bxa3 43. Kxf3 Kg6 44. Kg4 Bc1 45. Bc4 b6 46. Bd3 Bd2 47. Bc4 1/2-1/2

[Event "FIDE World Blitz-ch Women 2018"]
[Site "St. Petersburg"]
[Date "2018.12.29"]
[Round "2.4"]
[White "Ju, Wenjun"]
[Black "Mirzoeva, Elmira"]
[Result "1-0"]
[WhiteElo "2575"]
[BlackElo "2281"]
[Annotator "ChessBase"]
[PlyCount "75"]
[EventDate "2018.12.19"]
[EventType "swiss"]
[EventCountry "RUS"]
[SourceTitle "playchess.com"]
[Source "ChessBase"]
[SourceQuality "1"]

1. d4 d6 2. Nf3 g6 3. e4 Bg7 4. Bc4 e6 5. O-O Ne7 6. Re1 O-O 7. c3 Nd7 8. Nbd2 b6 9. Nf1 Bb7 10. Ng3 a6 11. a4 c5 12. Bb3 Qc7 13. Bf4 e5 14. Bg5 Nc6 15. dxe5 Ndxe5 16. Nxe5 Nxe5 17. Qd2 c4 18. Bc2 f6 19. Be3 Rab8 20. Ne2 Rfd8 21. Nf4 Re8 22. Rad1 Nf7 23. h4 Bxe4 24. Bxe4 Rxe4 25. h5 Ne5 26. Qd5+ Qf7 27. Qxe4 f5 28. Qd5 g5 29. Qxf7+ Kxf7 30. Nd5 Nd3 31. Re2 f4 32. Bxb6 Be5 33. a5 Ke6 34. Nc7+ Kd7 35. Nxa6 Ra8 36. Nb4 Nxb4 37. cxb4 Ke6 38. b5 1-0